000 00444nam a2200157 4500
001 127964
003 ES-MaACL
005 20230906193129.0
007 t|
008 070214s1968 sp r ||||1| spa d
100 1 _aRivero Iturralde, Gregorio.
_997703
245 1 0 _aPoemas para salto /
_cGregorio Rivero Iturralde.
260 _aMadrid :
_b[s. n.],
_c1968 (
_fImp. Sèz)
300 _a83 p. ;
_c20 cm.
852 _aES-MaACL
_jC-34720
_bR.66969
999 _c127964
_d127964